[Event "Astana Zhuldyzdary op-A"]
[Site "Astana"]
[Date "2023.07.15"]
[Round "7"]
[White "Zhaksygulov, Askarbai"]
[Black "Danielyan, Vahe"]
[Result "0-1"]
[WhiteElo "1974"]
[BlackElo "2346"]
[PlyCount "72"]
[EventDate "2023.07.11"]
[EventType "swiss"]
[EventRounds "10"]
[EventCountry "KAZ"]
[SourceTitle "CBM 215 Extra"]
[Source "ChessBase"]
[SourceDate "2023.09.30"]
[SourceVersion "1"]
[SourceVersionDate "2023.09.30"]
[SourceQuality "1"]

1. e4 c5 2. Nf3 e6 3. d3 d5 4. Nbd2 Nc6 5. g3 g6 6. Bg2 Bg7 7. 0-0 Nge7 8. Re1 0-0 9. c3 b5 10. e5 a5 11. c4 bxc4 12. dxc4 Ba6 13. cxd5 exd5 14. Nb3 Qb6 15. Qc2 c4 16. Be3 cxb3 17. axb3 d4 18. Bg5 Nd5 19. e6 Ncb4 20. Qe4 fxe6 21. Qh4 Rf5 22. g4 Rf7 23. Ne5 Bxe5 24. Rxe5 Raf8 25. Rae1 Rxf2 26. Rxe6 Qb7 27. Be4 Nc2 28. Re7 Rf1+ 29. Rxf1 Rxf1+ 30. Kg2 Nde3+ 31. Bxe3 Nxe3+ 32. Kh3 Rf3+ 33. Bxf3 Qxf3+ 34. Qg3 Bf1+ 35. Kh4 Nf5+ 36. gxf5 Qh5# 0-1

[Event "Astana Zhuldyzdary op-A"]
[Site "Astana"]
[Date "2023.07.13"]
[Round "4"]
[White "Zhaksygulov, Askarbai"]
[Black "Irgaliyev, Alikhan"]
[Result "0-1"]
[WhiteElo "1974"]
[BlackElo "2082"]
[PlyCount "78"]
[EventDate "2023.07.11"]
[EventType "swiss"]
[EventRounds "10"]
[EventCountry "KAZ"]
[SourceTitle "CBM 215 Extra"]
[Source "ChessBase"]
[SourceDate "2023.09.30"]
[SourceVersion "1"]
[SourceVersionDate "2023.09.30"]
[SourceQuality "1"]

1. e4 e6 2. d3 d5 3. Nd2 Nf6 4. Ngf3 b6 5. g3 dxe4 6. dxe4 Bc5 7. Bg2 Ba6 8. c4 Bb7 9. Qe2 Nc6 10. a3 e5 11. 0-0 0-0 12. b4 Nd4 13. Nxd4 Bxd4 14. Rb1 Qe7 15. Nb3 Rad8 16. Kh1 Rfe8 17. Bd2 Qe6 18. f3 Ba6 19. Rfc1 c5 20. b5 Bb7 21. a4 h5 22. h4 Nd7 23. Kh2 f5 24. Bh3 g6 25. Bg5 Nf6 26. Qc2 Qd6 27. exf5 Bxf3 28. Nd2 e4 29. Nxf3 exf3 30. Re1 Bg1+ 31. Kh1 Rxe1 32. Rxe1 Qxg3 33. Rxg1 Qxh3+ 34. Qh2 Qxf5 35. Bxf6 Qxf6 36. Qg3 Rd4 37. Qb8+ Kh7 38. Qc7+ Kh6 39. Rg5 Rxh4+ 0-1